Hướng dẫn quy chế chi tiêu tài chính chế độ công tác phí, hội nghị, tiếp khách, sử dụng và quyết toán kinh phí quản lý giáo dục đào tạo dành cho kế toán trưởng nhà trường 2011 - 2012

Saved in:
Bibliographic Details
Corporate Author: Bộ Giáo dục và Đào tạo Bộ Tài chính
Format: Book
Language:Vietnamese
Published: Hà Nội Lao động 2011
Tags: Add Tag
No Tags, Be the first to tag this record!
Institutions: Trung tâm Học liệu Lê Vũ Hùng, Trường Đại học Đồng Tháp
LEADER 00857aam a22001938a 4500
001 00027403
005 20171026081025.0
008 111108s2011 ||||||viesd
020 |c 325000 
041 0 # |a vie 
082 1 4 |a 344.597  |b H561D 
110 1 # |a Bộ Giáo dục và Đào tạo  |b Bộ Tài chính 
245 1 0 |a Hướng dẫn quy chế chi tiêu tài chính chế độ công tác phí, hội nghị, tiếp khách, sử dụng và quyết toán kinh phí quản lý giáo dục đào tạo dành cho kế toán trưởng nhà trường 2011 - 2012 
260 # # |c 2011  |a Hà Nội  |b Lao động 
300 # # |a 475tr.  |c 29cm. 
852 # # |b Kho mượn  |j KM.0010941 
852 # # |j KM.0010941 
910 |d 08/11/2011 
980 # # |a Trung tâm Học liệu Lê Vũ Hùng, Trường Đại học Đồng Tháp